000 00378pab a2200145 454500
008 180718b2002 xxu||||| |||| 00| 0 eng d
100 _aAbiola, A.G.
245 _aPublic debt, fiscal stability and economic growth in Nigeria
260 _c2002
300 _ap.145-56.
362 _aOct
650 _aEconomic growth
773 _aIndian Journal of Economics
909 _a54864
999 _c54864
_d54864